000 01141nam a2200301Ia 4500
005 20241023163003.0
010 _aBAC-EN21 ENG-112043 ENG-136190 ENG-142295
020 _a9789381506264
_c350.00
035 _aEN-95575
035 _aEN-125827
035 _aB-580983-996
035 _aB-667349
035 _aEN-119722
037 _bAakar/Ven
_adpl
037 _bDBAD/PUB
082 _a322.420954
100 _aMukherji, Nirmalangshu
_973301
245 _aThe Maoists in India:
_bTribals Under Siege /
_cby Nirmalangshu Mukherji
260 _c2013
_aNew Delhi
_bAmaryllis
270 _a7/32, Ansari Road, Daryaganj
_bNew Delhi
_e110002
300 _c22cm(pbk)
_a279p. :
_bmaps
500 _aIncludes bibliographical references and index
650 _aCommunism
_zIndia.
_973302
650 _a Protest movements
_zIndia.
_973303
942 _cEN
_2ddc
_mMUK
_h322.420954
999 _c88751
_d88751